|
|
|
|
| LEADER |
00000nam0a2200000 4500 |
| 001 |
282063 |
| 005 |
20231101235449.0 |
| 035 |
|
|
|a (RuTPU)RU\TPU\book\305936
|
| 090 |
|
|
|a 282063
|
| 100 |
|
|
|a 20150128d1984 k y0rusy50 ca
|
| 101 |
0 |
|
|a rus
|
| 102 |
|
|
|a UA
|
| 105 |
|
|
|a y z 001zy
|
| 200 |
1 |
|
|a Воздействие хозяйственного механизма на повышение эффективности общественного производства
|e сборник научных трудов
|f Днепропетровский государственный университет (ДГУ)
|
| 210 |
|
|
|a Днепропетровск
|c [Б. и.]
|d 1984
|
| 215 |
|
|
|a 120 с.
|
| 320 |
|
|
|a Библиография в ссылках
|
| 606 |
1 |
|
|a Экономическая эффективность
|2 stltpush
|3 (RuTPU)RU\TPU\subj\26590
|9 50482
|
| 610 |
1 |
|
|a развитой социализм
|
| 610 |
1 |
|
|a хозяйственный механизм
|
| 610 |
1 |
|
|a общественное производство
|
| 610 |
1 |
|
|a финансы
|
| 610 |
1 |
|
|a планирование
|
| 610 |
1 |
|
|a экономико-математические методы
|
| 686 |
|
|
|a У9(2)0-07
|v LBC/SL-A
|2 rubbk
|
| 712 |
0 |
2 |
|a Днепропетровский государственный университет (ДГУ)
|g ДГУ
|y Днепропетровск (Украина)
|z (1918-2016)
|2 stltpush
|3 (RuTPU)RU\TPU\col\11280
|
| 801 |
|
1 |
|a RU
|b 63413507
|c 20150128
|
| 801 |
|
2 |
|a RU
|b 63413507
|c 20170717
|g RCR
|
| 942 |
|
|
|c BK
|